00954cam a22002291 4500001001300000003000400013005001700017008004100034010001700075035001900092040004200111042001200153050002500165100003000190245010700220260005800327300004100385490008400426500011600510650003900626650005900665gs 34000014 DLC20260227111338.0770815s1933 caua 000 0 eng c ags 34000014  a(OCoLC)3189162 aU.S. Geol. Survey. LibrarycTxEUdDLC apremarc00aTN24.C2bA3 no. 104a1 aShedd, Solon,d1860- .10aBibliography of the geology and mineral resources of California to December 31, l930,cby Solon Shedd. aSacramento,bCalifornia state printing office,c1933. axii, 376 p.bxiv pl. (port.)c24 cm.0 aCalifornia. Dept. of natural resources. Division of mines. Bulletinvno. 104 aAt head of title: State of California. Department of natural resources. Division of mines. Geologic branch. 0aGeologyzCaliforniavBibliography. 0aMines and mineral resourceszCaliforniavBibliography.